000 00745nam a2200253Ia 4500
003 OSt
005 20221005035509.0
006 a|||||r|||| 00| 0
007 ta
008 221004b |||||||| |||| 00| 0 urd d
020 _a8189506153 (hbk)
_c250
024 _a24859
037 _b4620, 31/12/2015, Kitabi Duniya
_cTextual
040 _aCRL
_cCRL
_burd
041 _2urd
_aurd
082 _aO168,3NIB:g, Q4
100 _aAhmad Uzair
_9180708
245 0 _aIbne kanwal bahaisiyat afsana nigaar
260 _aDelhi
_bKitabi Duniya India
_c2014
300 _a176p.
_ccm.
650 _aURDU LITERATURE
942 _hO168,3NIB:g, Q4
_cTEXL
_2cc
999 _c945268
_d945268